Meraih cinta

Bibliographic Details
Main Author: Sofieza Isqandar
Format: Book
Published: Selangor : Fajar Pakeer Sdn. Bhd , 2009
Subjects:

MARC

LEADER 00000cam a2200000 7i4500
001 0000035723
005 20130516.0
008 121015
020 |a 9833880331 
090 0 0 |a SOF   |b MAL 
100 0 |a Sofieza Isqandar 
245 1 0 |a Meraih cinta   |c Sofieza Isqandar 
260 |a Selangor :   |b Fajar Pakeer Sdn. Bhd ,   |c 2009 
650 0 |a Malay fiction   |x Malay 
999 |a 0001182460   |b Book   |c Adult Collection   |e Cawangan Mersing 
999 |a 0001182462   |b Book   |c Adult Collection   |e Cawangan Segamat 
999 |a 0001182466   |b Book   |c Adult Collection   |e Cawangan Taman Sri Lambak 
999 |a 0001182469   |b Book   |c Adult Collection   |e Cawangan Bandar Penawar 
999 |a 0001182472   |b Book   |c Adult Collection   |e Perbadanan Perpustakaan Awam Johor 
999 |a 0001201846   |b Book   |c Adult Collection   |e Cawangan Taman Sri Lambak 
999 |a 0001201848   |b Book   |c Adult Collection   |e Cawangan Mersing 
999 |a 0001201849   |b Book   |c Adult Collection   |e Cawangan Bandar Penawar 
999 |a 0001201853   |b Book   |c Adult Collection   |e Cawangan Segamat